Sistema de información para el control de facturación e inventario en la empresa exportadora de pieles Sebastián López Trejos
Presenta el desarrollo de un sistema de información para la empresa exportadora de pieles Sebastian López Trejos, que automatice los procesos y transacciones del negocio correspondiente a la facturación y control de inventario, para desarrollar el sistema se utiliza la metodología orientada a ob...
| Main Author: | |
|---|---|
| Other Authors: | |
| Format: | Tesis Section = Libro |
| Language: | Undetermined Spanish |
| Published: |
Managua
UNI
2011
|
| Subjects: |
| LEADER | 01256nam a2200241Ia 4500 | ||
|---|---|---|---|
| 008 | 240830s9999 xx 000 0 und d | ||
| 040 | |a BIBLIOTECA-RUPAP T.Mon 025.04 S717 | ||
| 041 | |a spa | ||
| 082 | |a T.Mon 025.04 S717 | ||
| 100 | 1 | |a Sotelo Altamirano, Janixa Lisbeth | |
| 245 | 1 | 0 | |a Sistema de información para el control de facturación e inventario en la empresa exportadora de pieles Sebastián López Trejos |
| 260 | |a Managua |b UNI |c 2011 | ||
| 300 | |a 113 p. :il. | ||
| 500 | |a Contiene: anexos. | ||
| 502 | |a Tesis (Ingeniero de Sistemas)- UNI, 2011. | ||
| 520 | 3 | |a Presenta el desarrollo de un sistema de información para la empresa exportadora de pieles Sebastian López Trejos, que automatice los procesos y transacciones del negocio correspondiente a la facturación y control de inventario, para desarrollar el sistema se utiliza la metodología orientada a objetos haciendo mención del Rational Unified Process RUP basado en UML. | |
| 650 | 7 | |a SISTEMA DE INFORMACIÓN AUTOMATIZADO - CONTROL DE INVENTARIO Y FACTURACIÓN | |
| 650 | 7 | |b ANÁLISIS Y DISEÑO DE SISTEMAS | |
| 650 | 7 | |c CONTROL DE INVENTARIO Y FACTURACIÓN | |
| 700 | 1 | |a Tutor: |b Membreño Gudiel, Yasser Ronald | |
| 942 | |c BK |2 ddc | ||
| 991 | |a TESIS | ||
| 999 | |c 18038 | ||